'The Hockey News' Top 50 NHL Players - Statistics

General Stats
  • This quiz has been taken 255 times
  • The average score is 37 of 50
Answer Stats
# Change Team / Position Player % Correct
2 1 ↓ Oilers / C Connor McDavid
99%
1 3 ↑ Avalanche / C Nathan MacKinnon
98%
3 Penguins / C Sidney Crosby
97%
12 3 ↓ Maple Leafs / C Auston Matthews
94%
15 9 ↓ Capitals / LW Alexander Ovechkin
93%
11 6 ↑ Bruins / LW Brad Marchand
93%
6 13 ↑ Oilers / C Leon Draisaitl
93%
14 2 ↓ Blackhawks / RW Patrick Kane
89%
18 7 ↑ Penguins / C Evgeni Malkin
88%
10 8 ↓ Lightning / RW Nikita Kucherov
88%
7 Lightning / D Victor Hedman
88%
27 Maple Leafs / RW Mitch Marner
87%
17 3 ↓ Lightning / G Andrei Vasilevskiy
85%
4 19 ↑ Rangers / RW Artemi Panarin
84%
20 12 ↓ Panthers / C Aleksander Barkov
82%
9 17 ↑ Lightning / C Brayden Point
82%
35 12 ↑ Canadiens / G Carey Price
82%
5 13 ↑ Bruins / RW David Pastrňák
82%
8 36 ↑ Canucks / C Elias Pettersson
81%
31 26 ↓ Bruins / C Patrice Bergeron
81%
16 NR Jets / G Connor Hellebuyck
80%
19 10 ↑ Predators / D Roman Josi
80%
44 NR Avalanche / D Cale Makar
79%
13 28 ↑ Sabres / C Jack Eichel
79%
39 26 ↓ Maple Leafs / C John Tavares
79%
26 14 ↑ Hurricanes / C Sebastian Aho
79%
33 3 ↑ Avalanche / RW Mikko Rantanen
74%
23 9 ↑ Capitals / D John Carlson
73%
45 NR Canucks / D Quinn Hughes
73%
37 NR Bruins / G Tuukka Rask
73%
29 13 ↓ Golden Knights / RW Mark Stone
72%
30 20 ↑ Islanders / C Mathew Barzal
71%
50 NR Flyers / G Carter Hart
68%
34 14 ↑ Panthers / LW Jonathan Huberdeau
68%
22 12 ↓ Blues / C Ryan O'Reilly
68%
32 NR Blue Jackets / D Zach Werenski
66%
24 NR Golden Knights / D Alex Pietrangelo
64%
42 NR Jets / LW Kyle Connor
63%
49 4 ↓ Flames / LW Matthew Tkachuk
63%
28 NR Stars / D Miro Heiskanen
63%
25 3 ↓ Jets / C Mark Scheifele
62%
48 NR Rangers / C Mika Zibanejad
61%
21 6 ↓ Blue Jackets / D Seth Jones
60%
43 NR Golden Knights / D Shea Theodore
58%
46 NR Jets / RW Patrik Laine
57%
47 NR Canucks / C Bo Horvat
52%
36 NR Flyers / C Sean Couturier
51%
41 NR Hurricanes / D Jaccob Slavin
49%
40 NR Golden Knights / G Robin Lehner
49%
38 NR Blue Jackets / C Pierre-Luc Dubois
41%
No matching quizzes found
Score Distribution
Percent of People with Each Score
Percentile by Number Answered
Your Score History
You have not taken this quiz